| 000 | 01540nam a2200361 i 4500 | ||
|---|---|---|---|
| 003 | CO-BoRNBP | ||
| 005 | 20230505150806.0 | ||
| 007 | ta | ||
| 008 | 211028s2021 ck a ||br ||| 00| 1 spa d | ||
| 020 | _a9789585808591 | ||
| 040 |
_aCO-BoRNBP _bspa _erda _cCO-BoRNBP |
||
| 041 | 1 |
_aspa _heng |
|
| 084 | _aLM CLA19 | ||
| 100 | 1 |
_aClayborne, Anna _d1971- _eautor _91754 |
|
| 245 | 1 | 0 |
_aMitopedia _buna enciclopedia de seres míticos y sus mágicas historias _ctexto Anne Clayborne ; ilustraciones Good Wives and Warriors ; traducción Rosa Cano Camarasa |
| 250 | _aEdición especial | ||
| 264 | 1 |
_aBogotá, Colombia _bFondo Cultural Iberoamericano _bEditorial Blume _c2021 |
|
| 300 |
_a125 páginas _bilustraciones a color _c29 cm |
||
| 336 |
_atexto _btxt _2rdacontent |
||
| 337 |
_asin mediación _bn _2rdamedia |
||
| 338 |
_avolumen _bnc _2rdacarrier |
||
| 490 | 0 | _aPlan Nacional de Lectura y Escritura Leer es mi Cuento / Ministerio de Cultura | |
| 500 | _aEl grupo artístico Good Wives and Warriors está conformado por Becky Bolton y Louise Chappell | ||
| 521 | _aRecomendado para un público infantil mayor de 9 años | ||
| 534 | _tMythopedia | ||
| 650 | 1 | 7 |
_aLeyendas _vColecciones _2LEMB _91755 |
| 650 | 1 | 7 |
_aMitología _vColecciones _2LEMB _91756 |
| 650 | 1 | 7 |
_aLiteratura folclórica _vColecciones _2LEMB _91757 |
| 650 | 1 | 7 |
_aAnimales fabulosos _vCuentos y leyendas _2LEMB _91662 |
| 700 | 1 |
_aCano Camarasa, Rosa _etraductora _91758 |
|
| 710 | 2 |
_aGood Wives and Warriors (Agrupación artística) _eilustradoras _91759 |
|
| 942 | _cBKLIT | ||
| 999 |
_c9480 _d9480 |
||